اقبال اور عشق رسالت مات ;; aqbal our ashq rasalt mat / (Record no. 85739)
[ view plain ]
| 000 -LEADER | |
|---|---|
| fixed length control field | 00752nam a2200205 4500 |
| 001 - CONTROL NUMBER | |
| control field | 85739 |
| 003 - CONTROL NUMBER IDENTIFIER | |
| rucl marc code | BD-RjUL |
| 005 - DATE AND TIME OF LATEST TRANSACTION | |
| control field | 20250918105100.0 |
| 008 - FIXED-LENGTH DATA ELEMENTS--GENERAL INFORMATION | |
| fixed length control field | 250918s1967 pk ||||| |||| 00| 0 urd d |
| 035 ## - SYSTEM CONTROL NUMBER | |
| System control number | (BD-RjUL)85739 |
| 040 ## - CATALOGING SOURCE | |
| Original cataloging agency | BD-RjUL |
| Language of cataloging | eng |
| Transcribing agency | BD-RjUL |
| 041 ## - LANGUAGE CODE | |
| Language code of text/sound track or separate title | urd |
| 082 ## - DEWEY DECIMAL CLASSIFICATION NUMBER | |
| Edition number | 23 |
| Classification number | 297.092 |
| Author mark and year | FAI 1967 |
| 100 ## - MAIN ENTRY--PERSONAL NAME | |
| Personal name | فاضل، سید محمد عبدالرشید ;; Fazil, Syed Mohammad Abdul Rasheed |
| 9 (RLIN) | 16932 |
| 245 10 - TITLE STATEMENT | |
| Title | اقبال اور عشق رسالت مات ;; aqbal our ashq rasalt mat / |
| Statement of responsibility, etc. | سید محمد عبدالرشید فاضل ;; Syed Muhammad Abdul Rasheed Fazil |
| 264 ## - PRODUCTION, PUBLICATION, DISTRIBUTION, MANUFACTURE, AND COPYRIGHT NOTICE | |
| Place of production, publication, distribution, manufacture | Karachi : |
| Name of producer, publisher, distributor, manufacturer | Tanwirat ilm i adb , |
| Date of production, publication, distribution, manufacture, or copyright notice | 1967 |
| 300 ## - PHYSICAL DESCRIPTION | |
| Pagination | 183 p. ; |
| Size | 17 cm |
| 600 ## - SUBJECT ADDED ENTRY--PERSONAL NAME | |
| Personal name | اقبال |
| General subdivision | فکر و فلسفہ |
| 942 ## - ADDED ENTRY ELEMENTS (KOHA) | |
| Source of classification or shelving scheme | Dewey Decimal Classification |
| Koha item type | Books |
| Lost status | Source of classification or shelving scheme | Damaged status | Not for loan | Collection code | Permanent Location | Current Location | Shelving location | Date acquired | Source of acquisition | Cost, normal purchase price | Total Checkouts | Full call number | Date last seen | Copy number | Koha item type |
|---|---|---|---|---|---|---|---|---|---|---|---|---|---|---|---|
| Dewey Decimal Classification | Not For Loan | Non-fiction | Central Library, University of Rajshahi | Central Library, University of Rajshahi | Reading Room | 17/05/1967 | Sh. Mubarak ali | 4.00 | U 297.092 FAI 1967 | 18/09/2025 | C-1 | Books |